| 000 | 00475 a2200169 4500 | ||
|---|---|---|---|
| 999 |
_c7350 _d7350 |
||
| 020 | _a9780745643588 | ||
| 050 | _aHM51 GID 2009 | ||
| 100 | _aGiddens, Anthony | ||
| 245 |
_aSociology / _cAnthony Giddens |
||
| 250 | _a6th ed. | ||
| 264 |
_aCambridge: _bPolity press; _c2009. |
||
| 300 |
_axxxi, 1194p. ; _bill. (col.) |
||
| 500 | _aIncludes glossary, bibliography and index. | ||
| 650 | _xSociology | ||
| 700 | _aSutton, Philip W. | ||
| 942 |
_2lcc _cBK _e6th ed. _h51 _iGID _k2009 |
||